Inteligencia Artificial y Administración Pública: robots y humanos compartiendo el servicio público

Saved in:
書目詳細資料
主要作者: Ramió, Carles
格式: 未知
語言:英语
西班牙语
出版: Madrid, España Catarata 2019
叢編:Los Libros de la Catarata v.702
主題:
標簽: 添加標簽
沒有標簽, 成為第一個標記此記錄!

MARC

LEADER 00000 a2200000 4500
003 CL-VaPUC
005 20210313001720.0
008 200120b ||||| |||| 00| 0 eng d
999 |c 376119  |d 376117 
020 |a 9788490975909 
040 |c Pontificia Universidad Católica de Valparaíso 
041 0 |a spa 
082 |a 342 RAM 2019 
100 1 |a Ramió, Carles  |9 605030 
245 1 0 |a Inteligencia Artificial y Administración Pública:  |b  robots y humanos compartiendo el servicio público 
260 3 |b Catarata  |c 2019  |a Madrid, España 
300 |a 173 páginas 
490 0 0 |a Los Libros de la Catarata  |v v.702 
505 0 |a Capítulo 1. La smartificación y robotización de la administración pública. Capítulo 2. La renovación de los modelos de gestión y de la cultura administrativa. Capítulo 3. Un nuevo modelo organizativo para la administración pública. Capítulo 4. La robotización de la burocracia. Capítulo 5. La smartificación y robotización de la gestión. Capítulo 6. La smartificación de la gobernanza público-privada. Capítulo 7. La smartificación de la gobernanza política y social. Capítulo 8. La gobernanza pública de la inteligencia artificial y de la robotización. Capítulo 9. El empleo público: desaparición y creación de nuevos perfiles profesionales. Capítulo 10. La organización del futuro empleo en la administración pública: robots y humanos compartiendo el servicio público. Bibliografía. 
583 |k Hugo Gaete  |c 20200120 
650 0 0 |a Derecho administrativo  |9 254851 
650 0 0 |a Administración pública   |9 255343 
650 0 0 |a INTELIGENCIA ARTIFICIAL  |9 609643 
650 0 0 |a INNOVACIONES TECNOLOGICAS  |9 609644 
942 |2 ddc  |c BK 
952 |0 0  |1 0  |2 ddc  |4 0  |6 342_000000000000000_RAM_2019  |7 0  |9 495289  |a BIBDER  |b BIBDER  |d 2020-01-02  |e 36  |g 12312.00  |i 5568846  |l 1  |o 342 RAM 2019  |p 5568846  |r 2023-01-25  |s 2022-12-02  |t 1  |v 12312.00  |w 2020-01-02  |y BK  |k DER